Sports Quiz

Random Sports or Soccer Quiz

Champions League Nationalities Quiz Stats

Quiz Updated Nov 8, 2016

Challenge
Share
Tweet
Embed
Score 0/53 Timer 06:00
8 Plays Today
First Winner Country % Correct
1956Spain
97.4%
1968England
96.7%
1957France
94%
1969Germany
93.5%
1960Brazil
93.3%
1956Argentina
92.6%
1961Portugal
92.4%
1963Italy
92.4%
1968Ireland
87.1%
2004Russia
86.9%
1970Netherlands
86.3%
1969Sweden
85.1%
1967Scotland
84.3%
1977Wales
80.1%
1999Norway
78.7%
1974Denmark
76.4%
1988Belgium
76.4%
2006Mexico
76.1%
1985Poland
74.1%
1958Uruguay
73%
1995Finland
72.4%
2005Czechia
70.1%
2005Australia
69.6%
1970Austria
68.3%
1997Switzerland
68.2%
2008Serbia
67.9%
2009Ivory Coast
67.2%
First Winner Country % Correct
2003Ukraine
65.9%
1993Croatia
65.8%
1960Hungary
64.9%
2004South Africa
64.4%
1995Nigeria
61.1%
2010Colombia
60.8%
2000Cameroon
60.4%
1993Ghana
60%
1968Northern Ireland
58.7%
1986Romania
58.1%
1963Peru
57.8%
2001Paraguay
57.8%
1992Bulgaria
55.9%
2009Iceland
50.7%
2016Costa Rica
42.2%
2000Bosnia and Herzegovina
41.9%
1987Algeria
40.8%
1971Yugoslavia
36.6%
2010Macedonia
29.1%
2004Lithuania
28.8%
2005Mali
25.4%
1999Trinidad and Tobago
25.1%
2010Kenya
19.5%
2003Georgia
19.4%
1985San Marino
13.2%
1984Zimbabwe
12.4%

You're not logged in!

Compare scores with friends on all Sporcle quizzes.
Join for Free
OR
Log In

You Might Also Like...

Show Comments

Extras

Top Quizzes Today


Score Distribution

Your Account Isn't Verified!

In order to create a playlist on Sporcle, you need to verify the email address you used during registration. Go to your Sporcle Settings to finish the process.

Report this User

Report this user for behavior that violates our Community Guidelines.

Details: